000 00317nam a22001097a 4500
008 160421b xxu||||| |||| 00| 0 eng d
020 _a9780323055444
041 _aeng
080 _a618.2
245 _aPharmacolgy and the nursing process:
_cLinda Lane Lilley;Shelly Rainforth Collins;Scott Harrington;
942 _2udc
_cBK
999 _c1499
_d1499